Defensa de la autoridad de los gobiernos y de los obispos contra las pretensiones de la Curia Romana: primera parte.

Gespeichert in:
Bibliographische Detailangaben
1. Verfasser: Vigil, Francisco de Paula G
Format: Buch
Sprache:Spanisch
Veröffentlicht: Lima, Perú Imprenta administrada por José Huidobro Molina 1849
Schlagworte:
Tags: Tag hinzufügen
Keine Tags, Fügen Sie den ersten Tag hinzu!

MARC

LEADER 00000nam a2200000 a 4500
001 UCJ7033
003 CL-VaPUC
005 20230801151707.0
008 070124e18490000PE |||||||||||||||||spa|d
999 |c 323135  |d 323133 
040 |c Pontificia Universidad Católica de Valparaíso 
082 0 4 |a 270 VIG 1849  |2 21 
100 0 |a Vigil, Francisco de Paula G  |9 514880 
245 1 0 |a Defensa de la autoridad de los gobiernos y de los obispos contra las pretensiones de la Curia Romana: primera parte. 
260 0 3 |a Lima, Perú  |b Imprenta administrada por José Huidobro Molina  |c 1849 
300 |a 6 volúmenes. 
500 |a Advierte errata 
583 |a last modification  |c 20070124 00:00:00  |k Rodrigo Vera 
650 0 |a Iglesia y Estado  |9 254995 
650 0 |a Papado   |9 404372 
650 0 |a Concilios  |9 315984 
650 7 |a DERECHO CANONICO  |2 CL-VaPUC  |9 514881 
650 7 |a ULTRAMONTANISMO  |2 CL-VaPUC  |9 507545 
650 7 |a REGALISMO  |2 CL-VaPUC  |9 399462 
650 0 |a Documentos pontificios   |9 255642 
942 |c BK  |2 ddc 
945 |d 20070124 00:00:00  |a rinostro 
952 |0 0  |1 0  |4 0  |6 270_000000000000000_VIG_1849  |7 0  |8 X  |9 402469  |a FDOBUD  |b FDOBUD  |d 2019-11-22  |h v.1  |i 1057138  |o 270 VIG 1849  |p 1057138  |r 2019-11-22  |t 1  |w 2019-11-22  |y BK_X  |k BUD 
952 |0 0  |1 0  |4 0  |6 270_000000000000000_VIG_1849  |7 0  |8 X  |9 402470  |a FDOBUD  |b FDOBUD  |d 2019-11-22  |h v.3  |i 1057154  |o 270 VIG 1849  |p 1057154  |r 2019-11-22  |t 1  |w 2019-11-22  |y BK_X  |k BUD 
952 |0 0  |1 0  |4 0  |6 270_000000000000000_VIG_1849  |7 0  |8 X  |9 402471  |a FDOBUD  |b FDOBUD  |d 2019-11-22  |h v.4  |i 1057162  |o 270 VIG 1849  |p 1057162  |r 2019-11-22  |t 1  |w 2019-11-22  |y BK_X  |k BUD 
952 |0 0  |1 0  |4 0  |6 270_000000000000000_VIG_1849  |7 0  |8 X  |9 402472  |a FDOBUD  |b FDOBUD  |d 2019-11-22  |h v.5  |i 1063952  |o 270 VIG 1849  |p 1063952  |r 2019-11-22  |t 1  |w 2019-11-22  |y BK_X  |k BUD 
952 |0 0  |1 0  |4 0  |6 270_000000000000000_VIG_1849  |7 0  |8 X  |9 402473  |a FDOBUD  |b FDOBUD  |d 2019-11-22  |h v.6  |i 1057170  |o 270 VIG 1849  |p 1057170  |r 2019-11-22  |t 1  |w 2019-11-22  |y BK_X  |k BUD 
952 |0 0  |1 0  |4 0  |6 270_000000000000000_VIG_1849  |7 0  |8 X  |9 402474  |a FDOBUD  |b FDOBUD  |d 2019-11-22  |h v.2  |i 1057146  |o 270 VIG 1849  |p 1057146  |r 2019-11-22  |t 1  |w 2019-11-22  |y BK_X  |k BUD